[Event "Montreal Pre-COQ"]
[Site "Montreal"]
[Date "1982.07.17"]
[Round "3"]
[White "Morin, Louis"]
[Black "Page, Roger"]
[Result "1-0"]
[WhiteElo "1848"]
[BlackElo "1752"]
[PlyCount "47"]
[EventDate "1982.07.16"]
[EventType "swiss"]
[EventRounds "5"]
[EventCountry "CAN"]
[SourceTitle "EXT 2022"]
[Source "ChessBase"]
[SourceDate "2021.10.06"]
[SourceVersion "1"]
[SourceVersionDate "2021.10.06"]
[SourceQuality "1"]

1. e4 e6 2. d4 d5 3. e5 c5 4. c3 Nc6 5. Nf3 Qb6 6. Be2 cxd4 7. cxd4 Bb4+ 8. Bd2 Bxd2+ 9. Qxd2 Nge7 10. Nc3 a6 11. Rc1 Nf5 12. Na4 Qa7 13. Nc5 Bd7 14. g4 Nfe7 15. 0-0 0-0-0 16. Rc3 Kb8 17. Rb3 b5 18. Nxa6+ Qxa6 19. Bxb5 Qa7 20. Bxc6+ Kc8 21. Bb7+ Kc7 22. Rc1+ Bc6 23. Bxc6 Nxc6 24. Qc2 1-0

[Event "Montreal Rois"]
[Site "Montreal"]
[Date "1981.09.15"]
[Round "1"]
[White "Page, Roger"]
[Black "Zalys, Ignas"]
[Result "0-1"]
[WhiteElo "1725"]
[BlackElo "1906"]
[PlyCount "60"]
[EventDate "1981.09.15"]
[EventType "swiss"]
[EventRounds "5"]
[EventCountry "CAN"]
[SourceTitle "EXT 2022"]
[Source "ChessBase"]
[SourceDate "2021.10.06"]
[SourceVersion "1"]
[SourceVersionDate "2021.10.06"]
[SourceQuality "1"]

1. d4 e6 2. e3 f5 3. g3 Nf6 4. Bg2 Be7 5. Nf3 0-0 6. 0-0 d5 7. c4 c6 8. c5 Ne4 9. Nfd2 b6 10. b4 a5 11. bxa5 bxc5 12. f3 Nf6 13. dxc5 Bxc5 14. Nb3 Ba7 15. Kh1 Ba6 16. Re1 Nbd7 17. Ba3 c5 18. Nc3 Re8 19. Na4 Rc8 20. Qd2 e5 21. f4 e4 22. Bh3 g6 23. Bf1 Bxf1 24. Rxf1 c4 25. Nc1 d4 26. exd4 e3 27. Qe1 Bxd4 28. Bb2 Nc5 29. Bxd4 Qxd4 30. Ne2 Qe4+ 0-1